Science Quiz

Random Science or Animal Quiz

Australian Animals Quiz Stats

 Plays Quiz Updated Mar 18, 2020

Support Sporcle.
Go Orange.
Score 0/20 Timer 06:00
4 Plays Today
Photo Animal name % Correct
Kangaroo
98.5%
Koala
98%
Dingo
89.1%
Platypus
86.9%
Emu
85.1%
Wallaby
78.5%
Tasmanian devil
69.4%
Wombat
67.8%
Kookaburra
55%
Echidna
54.1%
Photo Animal name % Correct
Dugong
37.6%
Possum
34.1%
Cassowary
34%
Yabby
33.5%
Goanna
24.4%
Leafy seadragon
24%
Thorny Dragon
22%
Bandicoot
19.9%
Lyrebird
19.2%
Numbat
17.6%

You're not logged in!

Compare scores with friends on all Sporcle quizzes.
OR
Log In

From the Vault

Palindromic Words

by SporcleAdmin

We think you should know these answers forwards and backwards.
Remove Ads.
Support Sporcle.
Get the best of Sporcle when you Go Orange. This ad-free experience offers more features, more stats, and more fun while also helping to support Sporcle. Thank you for becoming a member.

Show Comments

Extras

Top Quizzes Today


Score Distribution

Your Account Isn't Verified!

In order to create a playlist on Sporcle, you need to verify the email address you used during registration. Go to your Sporcle Settings to finish the process.

Report this User

Report this user for behavior that violates our Community Guidelines.

Details: